000 003640000a22001450004500
003 MACL
040 _aMACL
090 _c33779
_d33777
100 _aUrich, Laurie
245 _aRunning Your Small Office with Microsoft office
260 _bPrentice Hall of India Private Ltd
_c1999
350 _a150
650 _aComputer Programming
942 _cBOOK
_k005.368/ULR
999 _c33425
_d33425